5-kirjaimiset pääkaupungit - Statistics

Yleistilastot
  • Tätä visaa on pelattu 129 kertaa
  • Keskiarvotulos 18 / 26
Vastaustilastot
Maanosa Pääkaupunki % Oikein
Eurooppa Vilna
100%
Eurooppa Riika
95%
Afrikka Kairo
90%
Aasia Tokio
87%
Eurooppa Praha
82%
Eurooppa Rooma
82%
Etelä-Amerikka Quito
79%
Eurooppa Kiova
77%
Aasia Amman
74%
Eurooppa Sofia
74%
Eurooppa Minsk
72%
Afrikka Abuja
69%
Aasia Dhaka
69%
Afrikka Tunis
69%
Aasia Sanaa
67%
Afrikka Accra
64%
Aasia Hanoi
64%
Aasia Kabul
64%
Afrikka Rabat
64%
Etelä-Amerikka La Paz
62%
Eurooppa Vaduz
62%
Afrikka Dakar
59%
Afrikka Alger
54%
Etelä-Amerikka Sucre
49%
Oseania Yaren
44%
Afrikka Praia
38%
Ehtoja vastaavia visoja ei löytynyt
Tulosjakauma
Jokaisen tuloksen saaneiden osuus
Persentiili vastausten määrän mukaan
Tuloshistoriasi
Et ole pelannut tätä visaa